000 00574nam a2200229Ia 4500
003 OSt
005 20220928142927.0
006 a|||||r|||| 00| 0
007 ta
008 220927b |||||||| |||| 00| 0 eng d
024 _a20213
037 _cTextual
040 _aSDCL
_cSDCL
_beng
041 _2eng
_aeng
082 _aB6, M4
100 _aLord E A
_9503959
245 0 _aMathematical description of shape and form.
260 _c1984
700 _a Wilson C B
_9503960
942 _hB6, M4
_cTEXL
_2CC
999 _c822349
_d822349